| 000 | 00776nam a22002537a 4500 | ||
|---|---|---|---|
| 001 | 125658 | ||
| 003 | UA-OsUOA | ||
| 005 | 20220415211254.0 | ||
| 007 | ta | ||
| 008 | 20170922b un ||||| |||| 00| 0 ukr d | ||
| 040 |
_aUA-OsUOA _brus _cUA-OsUOA _dUA-OsUOA |
||
| 041 | _arus | ||
| 080 | _a821.161.1 | ||
| 090 |
_a821.161.1 _bЕ27 |
||
| 100 | _aЕвтушенко Е. | ||
| 245 |
_aИзбранные произведения _bв 2-х т. |
||
| 260 |
_aМ. _bХудожественная литература _c1975 |
||
| 300 | _a400 с. | ||
| 505 |
_gТ. 2 _t1966–1974. Стихотворения и поэмы |
||
| 650 | 7 |
_a821 Художня література _2UDC |
|
| 942 |
_cBK _2udc |
||
| 955 | _a3 | ||
| 999 |
_c412917 _d412917 |
||